Catálogo público

Successful implementation of integrated pest snanagement for agrocultura crope / (Record no. 200356)

MARC details
000 -CABECERA
campo de control de longitud fija 00815nam a2200277Ia 4500
001 - NÚMERO DE CONTROL
campo de control Para_1738
003 - IDENTIFICADOR DEL NÚMERO DE CONTROL
campo de control CHAP
008 - DATOS DE LONGITUD FIJA--INFORMACIÓN GENERAL
campo de control de longitud fija 220125s1993 xx 000 0 und d
010 ## - NÚMERO DE CONTROL DE LA BIBLIOTECA DEL CONGRESO
Número de control de LC 200356
040 ## - FUENTE DE LA CATALOGACIÓN
Centro/agencia transcriptor CHAP
082 ## - NÚMERO DE LA CLASIFICACIÓN DECIMAL DEWEY
Número de clasificación PA 632.9 L4
100 ## - ENTRADA PRINCIPAL--NOMBRE DE PERSONA
Nombre de persona Leslie, Anne R., ed.
9 (RLIN) 165238
245 ## - MENCIÓN DE TÍTULO
Título Successful implementation of integrated pest snanagement for agrocultura crope /
Mención de responsabilidad, etc. by Anne R. Leslie and Geint W. Cuperus
260 ## - PUBLICACIÓN, DISTRIBUCIÓN, ETC.
Lugar de publicación, distribución, etc. Boca Raton, Fla. :
Nombre del editor, distribuidor, etc. Lewis
300 ## - DESCRIPCIÓN FÍSICA
Extensión 193 p.
650 ## - PUNTO DE ACCESO ADICIONAL DE MATERIA--TÉRMINO DE MATERIA
Término de materia o nombre geográfico como elemento de entrada 2, Manejo integrado de plagas
9 (RLIN) 165239
650 ## - PUNTO DE ACCESO ADICIONAL DE MATERIA--TÉRMINO DE MATERIA
Término de materia o nombre geográfico como elemento de entrada Control
Subdivisión general plagas
9 (RLIN) 164022
700 ## - PUNTO DE ACCESO ADICIONAL--NOMBRE DE PERSONA
Nombre de persona Cuperus, Geint W.
9 (RLIN) 165240
901 ## - ELEMENTOS DE DATOS A LOCAL LDA (RLIN)
a PA 632.9 L4
902 ## - ELEMENTOS DE DATOS B LOCAL, LDB (RLIN)
a A
905 ## - ELEMENTOS DE DATOS E LOCAL, LDE (RLIN)
a 0000001993 0000000000 00
910 ## - DATOS DE OPCIÓN DEL USUARIO (OCLC)
Datos de opción del usuario 1993
942 ## - ELEMENTOS DE PUNTO DE ACCESO ADICIONAL (KOHA)
Tipo de ítem Koha Parasitologia_
942 ## - ELEMENTOS DE PUNTO DE ACCESO ADICIONAL (KOHA)
Tipo de ítem Koha Parasitologia_
-- 1
Holdings
Estado de retiro Estado de pérdida Fuente del sistema de clasificación o colocación Estado dañado Restricciones de uso No para préstamo Código de colección Localización permanente Ubicación/localización actual Fecha de adquisición Número de inventario Total de préstamos Signatura topográfica completa Código de barras Fecha visto por última vez Número de copia Precio válido a partir de Tipo de ítem Koha Nota pública
    Dewey Decimal Classification   Préstamo interno   General Parasitologia Agricola Parasitologia Agricola 27/10/2005 (PA_7405) (No. UACh 172392)   PA 632.9 L4 4102002596 25/01/2022 Ej.1 25/01/2022 Libro 3